000 00378nam a2200145Ia 4500
008 230917s9999||||xx |||||||||||||| ||und||
040 _e48665
_aMAIN
041 _aEnglish
082 _a823.9 D78R:N
100 _aRose, Ellen Cronan
245 4 _aThe novels of Margared Drabble: aquivocal figures
260 _aLondon
_bMacmillan
_c1980
300 _axi, 141 p.
942 _cBK
999 _c219314
_d219314